000 01199cam a2200313 a 4500
001 c 67000673
003 DLC
005 20260227111036.0
008 031106r1962 cc 000 0 chi
010 _ac 67000673
035 _a(CStRLIN)DCLP03-B16680
040 _aDLC
_cDLC-R
_dDLC-R
_dDLC
043 _aa-cc-kr
050 0 0 _aS760.C55
_bK5 1962a
066 _c$1
245 0 0 _6880-01
_aNong yong ji xie gong zuo shou ce /
_cJilin Sheng nong ye ting nong ye ji xie guan li chu bian.
250 _6880-02
_aDi 1 ban.
260 _6880-03
_aChangchun :
_bJilin ren min chu ban she,
_c1962.
300 _a[266] leaves ;
_c21 x 26 cm.
500 _aPhotocopy.
500 _aEach leaf represents 2 pages of the original.
500 _aCollation of original as determined from the photocopy: 1, 1, 527 p.
650 0 _aAgricultural machinery
_zChina.
710 2 _6880-04
_aJilin Sheng nong ye ting nong ye ji xie guan li chu.
880 0 0 _6245-01/$1
_a农用机械工作手册 /
_c吉林省农業厅农業机械管理处編.
880 _6250-02/$1
_a第1版.
880 _6260-03/$1
_a长春 :
_b吉林人民出版社,
_c1962.
880 2 _6710-04/$1
_a吉林省农業厅农業机械管理处.
999 _c12928
_d12928